Quizzes
Events
Quiz Creation
Community
Videos
Private Events
Remove Ads
Sign In
Join for FREE
Feedback
Dark Mode
Quiz Categories
Sports
Geography
Music
Movies
Television
Just For Fun
Miscellaneous
History
Literature
Language
Science
Gaming
Entertainment
Religion
Holiday
For Kids
Quiz Lab
Recent
Popular Today
Quiz Kudos Today
Editor Picks
Curator Picks
Quizzes by...
Day
Popularity
Type
Ratings
Length
Year
Community
Subscriptions
Recent Discussions
Orange Saloon
Badges
Playlists
Quests
Create
Leaderboards
Showdown
Live 5
Trivia Bingo
Activity
Puzzle Library
Sporcle Events
Private Events
Virtual Trivia
Globe League
Become a Host
Pub Owners
SporcleCon
Opinionation
Our Games
Videos
Blog
Mobile Apps
Partnerships
Remove Ads and Go Orange
Feedback
Entertainment
Celebrity
Famous
Musical
Broadway
Show
Quote
Comic Books
Anime
Superhero
DC Comics
Marvel
Cartoons
Animation
Entertainment
Celebrity
Famous
Musical
Broadway
Show
Quote
Comic Books
Anime
Superhero
DC Comics
Marvel
Cartoons
Animation
Random Quiz
Search Sporcle
×
Quiz Lab
Quiz Lab
Entertainment
Anime
Type in answers that appear in a list
Type in answers that appear in a list
Classic
Best Score? Go Orange.
Anime Opening Quiz - hard (with video) Stats
Can you name the anime by the opening?
By
xIgnissx
20m
40 Questions
610 Plays
610 Plays
610 Plays
Comments
Comments
Give Quiz Kudos
Give Quiz Kudos
-
- Ratings
hide this ad
More Info
Forced Order
Answers have to be entered in order
Answers have to be entered in order
Replay
Link that replays current quiz
Next Quiz
Link to next quiz in quiz playlist
You Got
0%
They Got
Avg Score
33%
Avg Friend Score
Upgrade to see
Score Distribution
Jump to the score distribution portion of the page
Score
0/40
Timer
20:00
0
Plays Today
Time
Anime
% Correct
13:26-
13:49
BECK
73%
02:18-
02:41
Zoku Sayonara Zetsubou Sensei
67.2%
09:55-
10:17
Kuzu no Honkai
63%
08:27-
08:49
Flying Witch
61.1%
10:18-
10:41
Pandora Hearts
60.2%
12:37-
13:01
Mononoke
56.6%
01:30-
01:55
Koi wa Ameagari no You ni
52%
11:29-
11:49
ACCA: 13-ku Kansatsu-ka
52%
03:07-
03:31
Subete ga F ni Naru: The Perfect Insider
43.9%
00:00-
00:21
Kannagi
41.6%
06:54-
07:16
Tegamibachi
41.3%
13:50-
14:12
Kotoura-san
41.3%
14:35-
14:57
Sengoku Basara Two
41.1%
11:05-
11:28
Utawarerumono
37.5%
11:50-
12:15
Shouwa Genroku Rakugo Shinjuu
37%
04:38-
05:02
Nijiiro Days
36.6%
09:33-
09:54
Sakurako-san no Ashimoto ni wa Shitai ga Umatteiru
36.6%
02:42-
03:06
Mahjong Legend Akagi: The Genius who Descended into the Darkness
35.7%
05:26-
05:45
Gankutsuou
33.8%
00:22-
00:43
Sore ga Seiyuu!
32.8%
Time
Anime
% Correct
05:46-
06:08
Seirei no Moribito
32.3%
08:50-
09:08
Fune wo Amu
31.5%
10:42-
11:04
Soredemo Sekai wa Utsukushii
31.5%
14:58-
END
Shijou Saikyou no Deshi Kenichi
29.5%
12:16-
12:36
Golgo 13
27.9%
07:17-
07:38
Yamato Nadeshiko Shichi Henge
26.9%
13:02-
13:25
Zetman
25.6%
03:53-
04:14
Kekkaishi
24.9%
08:03-
08:26
Donten ni Warau
24.9%
03:32-
03:52
Hourou Musuko
24.3%
06:32-
06:53
Young Black Jack
22.3%
01:56-
02:17
Giant Killing
21.6%
04:15-
04:37
Natsuyuki Rendezvous
21.5%
07:39-
08:02
Area no Kishi
19.3%
05:03-
05:25
Ristorante Paradiso
14.1%
14:13-
14:34
Mouryou no Hako
8.4%
00:44-
01:05
Tokyo Majin Gakuen Kenpucho: Tou
7.5%
09:09-
09:32
Kure-nai
7.4%
06:09-
06:31
Shoubushi Densetsu Tetsuya
6.7%
01:06-
01:29
Kaze no Youjinbou
3.8%
Quiz Playlist
Details
Report
Send in Message
Add To Playlist
More Info:
If the video doesn't work, use this: https://www.youtube.com/watch?v=btBNVa8sJ4o
Classic:
Type in answers that appear in a list
Forced Order:
Answers have to be entered in order
Last Updated: Feb 14, 2018
Quiz Scoreboard
CHALLENGE
Sign Up to Join the Scoreboard
Show All
Scores
Hide
Comments
May contain spoilers
Recently Published
An Introduction to Baseball
by treessimontrees
Sports
5m
Movies - When Are They Set?
by FPL_Elf
Movies
5m
Popular People in 1961
by mucciniale
History
6m
More to Explore
Quiz From the Vault
Featured Blog Post
Where Did the Easter Bunny Come From?
hide this ad
You Might Also Like...
Tags
Anime Quiz
Anime Music
Anime Series
Anime Theme
Today's Top Quizzes in Entertainment
Browse Entertainment
hide this ad
Today's Top Quizzes in Anime
Browse Anime
Top Contributed Quizzes in Entertainment
1
Kamen Rider Motifs
2
7-to-1: DC Comics Villains
3
Dragon Ball Z: Goku's Fights in Order
4
Dragon Ball Z: Mega Character Search
5
Marvel Characters Bunker
6
Criteria Quickie: Cartoon Taxonomy II
7
Fictional Villains Letter U Blitz
8
Sorting Pictures: Villains
9
One Thing in Common: Fictional Characters
10
Eurovision 2023 Logic Puzzle
Explore More
Trending Topics
Anime
Kpop
NBA
Disney
Harry Potter
Crossword
Marvel
Country
The Office
WWE
NFL
Puzzle
Soccer
Song
Pokémon
hide this ad
More By:
xIgnissx
Quiz
Plays
Rating
Category
Featured
Created
Anime Characters Picture Click - My Fav Guys
778
4.17
Entertainment
Mar 24, 2018
Anime Opening Quiz - hard (with video)
610
4.71
Entertainment
Feb 14, 2018
My Favorite Male Anime Characters (GIF)
459
3.33
Entertainment
Jul 12, 2017
Anime Characters Picture Click - My Fav Girls
442
4.50
Entertainment
Mar 24, 2018
Anime OST Quiz #1 ♪
436
4.88
Entertainment
May 29, 2018
Go to Creator's Profile
Score Distribution
Quiz Creator Spotlight
xIgnissx
Follow
Send a Message
Quizzes Created
-
Created Quiz Play Count
-
More By This Creator
Popular Quizzes Today
1
Find the Countries of Europe - No Outlines Minefield
2
Find the US States - No Outlines Minefield
3
The Countries of the World
4
Popular People in 1961
5
US States
6
Find the US States
7
1-10 Letter E Words III
8
Risky Map Clicking: Biggest States A-Z
More Entertainment Quizzes
Click a Williams
Published
Trending Quizzes
Risky Map Clicking: Least Populous States A-Z
1-10 Letter F Words
1-10 Letter G Words
One Thing in Common: United Kingdom
Not Quite an Element Typing Challenge
Recently Updated
Leaping Animals
pecheneg
Reality TV Shows (A-Z)
bhenderson79
Rickey Henderson's Hall of Fame Teammates
pecheneg
Champions League XIs: Arsenal
pecheneg
Quick Pick: Celebrities in WWE's Hall of Fame
aduchscher
A-Z Keypad Blitz II
pecheneg
Multiple Oscar Actors
pecheneg
Mystery Phrase Blitz: Oscar 'Best Actors'
pecheneg
F. Scott Fitzgerald Novels
LTH
Pick 3 Villains
ddd62291
Trending Topics
Disney
Anime
Harry Potter
Marvel
NBA
Kpop
Crossword
NFL
Soccer
Song
Pokémon
WWE
Puzzle
The Office
Country
Your Account Isn't Verified!
In order to create a playlist on Sporcle, you need to verify the email address you used during registration. Go to your
Sporcle Settings
to finish the process.
Report this User
Report this user for behavior that violates our
Community Guidelines
.
Details:
Send Report
Go to the Sporcle.com Mobile Site →
Comments